Normal view
MARC view
Entry Topical Term
001 - CONTROL NUMBER
- control field: 25566
003 - CONTROL NUMBER IDENTIFIER
- control field: OSt
005 - DATE AND TIME OF LATEST TRANSACTION
- control field: 20140225115311.0
008 - FIXED-LENGTH DATA ELEMENTS
- fixed length control field: 140225|| aca||aabn | a|a d
040 ## - CATALOGING SOURCE
- Original cataloging agency: OSt
- Transcribing agency: OSt
600 ## -
- : Logic design.
670 ## - SOURCE DATA FOUND
- Source citation: Work cat.: (OSt)0: Holdsworth, B. (Brian) 25564, Digital logic design /, 1993.
